| 000 | 00560nam a2200181 i 4500 | ||
|---|---|---|---|
| 001 | 142236 | ||
| 003 | ES-MaACL | ||
| 005 | 20240302062940.0 | ||
| 007 | t| | ||
| 008 | 071004s1972 sp ||||1| spa d | ||
| 100 | 1 |
_aVignola, Giovanni _9114653 |
|
| 245 | 1 | 4 |
_aLos test sobre la personalidad _b: manual psicológico práctico / _cGiovanni Vignola. |
| 260 |
_aBarcelona : _bDe Vecchi, _c[1972] |
||
| 300 |
_a178 p. : _bil. ; _c19 cm. |
||
| 650 |
_aTests psicotécnicos. _917520 |
||
| 852 |
_aES-MaACL _jC-49091 _bR.80539 |
||
| 999 |
_c142236 _d142236 |
||